000 00468nam a2200193 a 4500
001 1767414370979
003 YourLibrary
005 20260103103038.0
008 260103s2009##################000#0#eng##
020 _a9780199550050
082 0 4 _a296.155
_bSTE
100 1 _aStegemann, Hartmut,
_eauthor.
245 1 0 _a1QHodayot a :
260 _c2009.
300 _a462 pages
650 0 _aApocrypha.
942 _cENGLISH
040 _aYourLibrary
_beng
_cYourLibrary
999 _c606881
_d606881